00751nam a22002057a 450000500170000001000150001702000260003203500140005803700090007208200140008110000300009524500530012525000060017826000430018427000950022730000200032294200250034299900190036795201590038620260701162756.0 aENG-148958 a9789395659314c280.00 aEN-132490 bDBAD a657.4521 aSelvi, K. Thamarai989485 aBasic Principles of Auditing/cK. Thamarai Selvi a1 aBangalorebBeyondline Publishersc2024 a513 Ground Floor, Arkavathi Layout, 19th Block, Chelikere, Kalyan NagarbBangaloree560043 a156p.c22cm(pb) 2ddccENh657.45mSEL c216821d216821 001040718NFICaDBADbDBADd2026-07-01eDelivery of Books Act Divisiong280.00l0o657.45 SELpEN-132490r2026-07-01 16:28:16t1v280.00w2026-07-01yEN